Human settlement systems (Record no. 525333)

MARC details
000 -LEADER
fixed length control field 00748nam a2200253Ia 4500
003 - CONTROL NUMBER IDENTIFIER
control field OSt
005 - DATE AND TIME OF LATEST TRANSACTION
control field 20220925193314.0
008 - FIXED-LENGTH DATA ELEMENTS--GENERAL INFORMATION
fixed length control field 220923b |||||||| |||| 00| 0 eng d
020 ## - INTERNATIONAL STANDARD BOOK NUMBER
International Standard Book Number 0884101762
037 ## - SOURCE OF ACQUISITION
Terms of availability General Book
040 ## - CATALOGING SOURCE
Original cataloging agency RTL
Transcribing agency RTL
Language of cataloging eng
041 ## - LANGUAGE CODE
Source of code eng
Language code of text/sound track or separate title eng
100 ## - MAIN ENTRY--PERSONAL NAME
Personal name Hansen Niles M Ed.
9 (RLIN) 248037
245 #0 - TITLE STATEMENT
Title Human settlement systems
Remainder of title International perspecti
260 ## - PUBLICATION, DISTRIBUTION, ETC.
Place of publication, distribution, etc. Cambridge
Name of publisher, distributor, etc. Ballinger
Date of publication, distribution, etc. 1978
300 ## - PHYSICAL DESCRIPTION
Extent xvi, 297p
Dimensions cm.
500 ## - GENERAL NOTE
General note International Institute for Applied Systems Analysis
650 ## - SUBJECT ADDED ENTRY--TOPICAL TERM
Topical term or geographic name entry element Urban Geography
942 ## - ADDED ENTRY ELEMENTS (KOHA)
Classification part U43:(G:5), L8
Koha item type General Books
Source of classification or shelving scheme Colon Classification (CC)

No items available.

Copyright @ Delhi University Library System